000 00650nam a2200217Ia 4500
005 20230424105156.0
008 131103s9999 xx 000 0 und d
020 _a014043108X
040 _aLoreto College
041 _aEnglish
082 _a823.06
_bJOH
100 _aJohnson, Samuuel
245 _aThe history of Rasselas, Prince of Abissinia
_cSamuuel Johnson; edited with an introduction by D. J. Enright
260 _aHarmondsworth
_bPenguin Books
_c1976
300 _a158 p.
440 _aThe Penguin English library
504 _aIncludes bibliographical references
700 _aEnrigh, D. J., ed.
850 _aLCLIB
942 _cBK
999 _c6487
_d56966